00212nam a2200085Ia 4500008004100000041000800041082001500049100001700064245004500081240625s9999 xx 000 0 und d aeng a808.20 GHO aGHOSH AMRITA aREVIEWING END TO END PROCESSES TO EVALUA